Statistics for 日本の空港・飛行場

Click here to take the quiz!

General Stats

  • This quiz has been taken 175 times
  • The average score is 69 of 96

Answer Stats

都道府県空港名愛称・通称備考% Correct
千葉県成田国際空港
100%
大阪府大阪国際空港伊丹空港
98%
東京都東京国際空港羽田空港
98%
沖縄県那覇空港
97%
大分県大分空港
97%
長崎県長崎空港
97%
広島県広島空港
96%
宮崎県宮崎空港宮崎ブーゲンビリア空港
96%
熊本県熊本空港阿蘇くまもと空港
96%
宮城県仙台空港仙台国際空港
96%
鹿児島県鹿児島空港
95%
福岡県福岡空港
95%
新潟県新潟空港
95%
大阪府関西国際空港
95%
北海道新千歳空港
95%
秋田県秋田空港
94%
北海道函館空港
93%
高知県高知空港高知龍馬空港
93%
山形県山形空港おいしい山形空港
93%
愛知県中部国際空港セントレア
92%
静岡県静岡空港富士山静岡空港
92%
富山県富山空港富山きときと空港
92%
愛媛県松山空港
92%
香川県高松空港
92%
鳥取県鳥取空港鳥取砂丘コナン空港
90%
福岡県北九州空港
90%
北海道稚内空港
89%
北海道釧路空港たんちょう釧路空港
89%
兵庫県神戸空港マリンエア
89%
北海道札幌飛行場丘珠空港
88%
福井県福井空港定期なし
88%
岡山県岡山空港岡山桃太郎空港
87%
佐賀県佐賀空港九州佐賀国際空港
86%
北海道旭川空港
86%
愛知県名古屋飛行場小牧空港
84%
青森県青森空港
84%
福島県福島空港
83%
長野県松本空港信州まつもと空港
83%
北海道帯広空港とかち帯広空港
80%
新潟県佐渡空港定期なし
79%
東京都大島空港東京大島かめりあ空港
78%
北海道利尻空港
78%
徳島県徳島飛行場徳島阿波おどり空港
77%
岩手県花巻空港いわて花巻空港
77%
長崎県対馬空港対馬やまねこ空港
76%
茨城県百里飛行場茨城空港
76%
石川県能登空港のと里山空港
76%
鹿児島県種子島空港コスモポート種子島空港
75%
鹿児島県奄美空港
75%
和歌山県南紀白浜空港
75%
石川県小松飛行場
74%
北海道女満別空港
73%
島根県出雲空港出雲縁結び空港
73%
東京都調布飛行場
73%
島根県隠岐空港隠岐世界ジオパーク空港
72%
東京都八丈島空港
71%
青森県三沢飛行場
70%
沖縄県宮古空港
70%
長崎県壱岐空港
70%
鹿児島県屋久島空港
70%
沖縄県与那国空港
68%
鳥取県美保飛行場米子鬼太郎空港
68%
山口県岩国飛行場岩国錦帯橋空港
68%
北海道奥尻空港
67%
北海道礼文空港休止
66%
山形県庄内空港おいしい庄内空港
65%
熊本県天草飛行場
64%
東京都三宅島空港
61%
山口県山口宇部空港
60%
沖縄県南大東空港
59%
兵庫県但馬飛行場コウノトリ但馬空港
58%
大阪府八尾空港定期なし
58%
沖縄県北大東空港
58%
北海道中標津空港
58%
秋田県大館能代空港あきた北空港
56%
北海道紋別空港オホーツク紋別空港
56%
島根県石見空港萩・石見空港
52%
東京都新島空港
52%
沖縄県新石垣空港南ぬ島 石垣空港
51%
東京都神津島空港
48%
長崎県福江空港五島つばき空港
48%
鹿児島県徳之島空港徳之島子宝空港
48%
鹿児島県与論空港
46%
長崎県上五島空港定期なし
45%
鹿児島県沖永良部空港えらぶゆりの島空港
45%
沖縄県波照間空港定期なし
44%
沖縄県伊江島空港定期なし
39%
沖縄県久米島空港
38%
鹿児島県喜界空港
36%
岡山県岡南飛行場定期なし
35%
長崎県小値賀空港定期なし
33%
沖縄県下地島空港みやこ下地島空港
32%
沖縄県多良間空港かりゆす多良間空港
30%
大分県大分県央飛行場定期なし
29%
沖縄県粟国空港
24%
沖縄県慶良間空港定期なし
23%

Score Distribution

Percentile by Number Answered

Percent of People with Each Score

Your Score History

You have not taken this quiz